000 00679nam a2200289Ia 4500
005 20260324121257.0
008 008 260324s9999 xx 000 0 eng d
020 _a9781315770079
037 _aEBOOK
040 _aCRL
040 _beng
040 _cCRL
041 _2eng
041 _aeng
084 _qCRL
100 _aTroy A. Rule
_91161886
245 0 _aSolar, Wind and Land
245 0 _bConflicts in Renewable Energy Development
260 _bTaylor and Francis
260 _c2014
365 _a
365 _b315
856 _uhttp://www.taylorfrancis.com/books/9781315770079
942 _cEBOOK
999 _c1753892
_d1753892